<?xml version="1.0" encoding="UTF-8"?>
<record
    xmlns:xsi="http://www.w3.org/2001/XMLSchema-instance"
    xsi:schemaLocation="http://www.loc.gov/MARC21/slim http://www.loc.gov/standards/marcxml/schema/MARC21slim.xsd"
    xmlns="http://www.loc.gov/MARC21/slim">

  <leader>01073nam a22002177a 4500</leader>
  <controlfield tag="003">OSt</controlfield>
  <controlfield tag="005">20250227113124.0</controlfield>
  <controlfield tag="008">230929s2017    ag ||||| |||| 00| 0 spa d</controlfield>
  <datafield tag="020" ind1=" " ind2=" ">
    <subfield code="a">9789873615306</subfield>
  </datafield>
  <datafield tag="040" ind1=" " ind2=" ">
    <subfield code="c">besoc</subfield>
  </datafield>
  <datafield tag="245" ind1="1" ind2="0">
    <subfield code="a">Construcci&#xF3;n de ciudadan&#xED;a I :</subfield>
    <subfield code="b">ambiente, salud y recreaci&#xF3;n con practicas pol&#xED;ticas inclusivas /</subfield>
    <subfield code="c">Teresa Eggers ... [et al.]</subfield>
  </datafield>
  <datafield tag="260" ind1=" " ind2=" ">
    <subfield code="a">Buenos Aires :</subfield>
    <subfield code="b">Maipue,</subfield>
    <subfield code="c">2016</subfield>
  </datafield>
  <datafield tag="300" ind1=" " ind2=" ">
    <subfield code="a">136 p.</subfield>
  </datafield>
  <datafield tag="505" ind1="1" ind2=" ">
    <subfield code="a">Cap. 1. Elaboraci&#xF3;n de proyectos. Ser ciudadano -- Cap. 2. Estado y pol&#xED;tica. &#xBF;Qu&#xE9; significa ser ciudadanos? -- Cap. 3. Ambiente. &#xBF;Qu&#xE9; es el ambiente? --Cap. 4. Salud, alimentaci&#xF3;n y drogas -- Cap. 5. Comienza el juego: pensar la ciudadan&#xED;a desde el deporte y la creaci&#xF3;n. Pitazo inicial... -- Anexo: Constituci&#xF3;n de la Provincia de Buenos Aires -- Bibliograf&#xED;a.-</subfield>
  </datafield>
  <datafield tag="650" ind1=" " ind2="4">
    <subfield code="a">Estado</subfield>
    <subfield code="x">Gobierno</subfield>
    <subfield code="x">Participaci&#xF3;n</subfield>
    <subfield code="x">Ambiente</subfield>
    <subfield code="x">Territorio</subfield>
  </datafield>
  <datafield tag="700" ind1="1" ind2=" ">
    <subfield code="a">Eggers-Brass, Teresa</subfield>
    <subfield code="e">autor</subfield>
  </datafield>
  <datafield tag="700" ind1="1" ind2=" ">
    <subfield code="a">Torre, Gustavo H.</subfield>
    <subfield code="e">autor</subfield>
  </datafield>
  <datafield tag="700" ind1="1" ind2=" ">
    <subfield code="a">Alonso, Pablo J.</subfield>
    <subfield code="d">autor</subfield>
  </datafield>
  <datafield tag="700" ind1="1" ind2=" ">
    <subfield code="a">Carabetta, Silvia M.</subfield>
    <subfield code="e">autor</subfield>
  </datafield>
  <datafield tag="942" ind1=" " ind2=" ">
    <subfield code="2">udc</subfield>
    <subfield code="c">LPD</subfield>
    <subfield code="n">0</subfield>
  </datafield>
  <datafield tag="999" ind1=" " ind2=" ">
    <subfield code="c">91</subfield>
    <subfield code="d">91</subfield>
  </datafield>
  <datafield tag="952" ind1=" " ind2=" ">
    <subfield code="0">0</subfield>
    <subfield code="1">0</subfield>
    <subfield code="2">udc</subfield>
    <subfield code="4">0</subfield>
    <subfield code="7">0</subfield>
    <subfield code="8">CG</subfield>
    <subfield code="a">ESOCIALES</subfield>
    <subfield code="b">ESOCIALES</subfield>
    <subfield code="d">2025-02-27</subfield>
    <subfield code="l">0</subfield>
    <subfield code="o">32 C758</subfield>
    <subfield code="p">000791</subfield>
    <subfield code="r">2025-02-27 00:00:00</subfield>
    <subfield code="w">2025-02-27</subfield>
    <subfield code="y">LPD</subfield>
  </datafield>
</record>
